000 00197nam a2200085Ia 4500
008 120527s9999 xx 000 0 und d
100 _aTriola, F. mand
245 _aElementary Statistics
942 _cBK
999 _c27828
_d27828